000 00343 a2200157 4500
001 56843
020 _a9788537702789
040 _cAnchieta - Pituba
100 _aGaldino, Luiz
240 1 0 _aO enigma das amazonas
_lpor
245 1 0 _aO enigma das amazonas
300 _a112
362 0 _a2008
650 4 _aLiteratura juvenil
942 _cBK
999 _c56843
_d56843